MARC

LEADER 00000nam0a2200000 4500
001 27199
005 20231101205758.0
010 |a 5279022411 
035 |a (RuTPU)RU\TPU\book\27448 
035 |a BOOK00000069 
090 |a 27199 
100 |a 20011209d2001 m y0rusy50 ca 
101 0 |a rus 
102 |a RU 
105 |a а j 001zy 
200 1 |a Основы финансового менеджмента  |e учебное пособие  |f И. Т. Балабанов 
205 |a 3-е изд., доп. и перераб. 
210 |a Москва  |c Финансы и статистика  |d 2001 
215 |a 528 с.  |c ил. 
320 |a Библиогр.: с. 522-523. 
606 1 |a Финансовый менеджмент  |2 stltpush  |3 (RuTPU)RU\TPU\subj\37217  |9 58322 
610 1 |a экономика 
610 1 |a финансы 
610 1 |a управление 
610 1 |a финансовый менеджмент 
610 1 |a интерактивное инвестирование 
610 1 |a финансовые инновации 
610 1 |a матчинг 
610 1 |a цессия 
610 1 |a самофинансирование 
610 1 |a ценные бумаги 
610 1 |a финансовые риски 
610 1 |a валютные операции 
610 1 |a недвижимость 
610 1 |a менеджмент 
610 1 |a финансовый маркетинг 
610 1 |a учебные пособия 
686 |a У9(2)261.11я73  |v LBC/SL-A  |2 rubbk 
700 1 |a Балабанов  |b И. Т.  |g Игорь Тимофеевич 
801 0 |a RU  |b 63413507  |c 20011209  |g PSBO 
801 2 |a RU  |b 63413507  |c 20210617  |g PSBO 
942 |c BK